| 000 | 00447nam a22001577a 4500 | ||
|---|---|---|---|
| 008 | 230510b |||||||| |||| 00| 0 eng d | ||
| 040 |
_aNational Science Library _cNational Science Library |
||
| 080 |
_a808.4-5 _bK2 |
||
| 100 |
_aBolanowski, J E _98603 |
||
| 245 | _aNew Polish grammar | ||
| 250 | _a7th ed. | ||
| 260 |
_aWiscosin: _bPolonia Publushing Company, _c1962 |
||
| 300 | _axiii, 198p. | ||
| 650 | _aLinguistics | ||
| 942 |
_2udc _cREF |
||
| 999 |
_c28602 _d28602 |
||